Mexico One Plate At A Time : (Record no. 617697)

MARC details
000 -LEADER
fixed length control field 00474nam a2200193 a 4500
008 - FIXED-LENGTH DATA ELEMENTS--GENERAL INFORMATION
fixed length control field 260313s2000##################000#0#eng##
020 ## - INTERNATIONAL STANDARD BOOK NUMBER
ISBN 9780684841861
082 04 - DEWEY DECIMAL CLASSIFICATION NUMBER
Classification number 641.5972
Item number BAY
100 1# - MAIN ENTRY--AUTHOR NAME
Personal name Bayless, Rick,
245 10 - TITLE STATEMENT
Title Mexico One Plate At A Time :
260 ## - PUBLICATION, DISTRIBUTION, ETC. (IMPRINT)
Name of publisher Simon and Schuster,
Year of publication 2000.
300 ## - PHYSICAL DESCRIPTION
Number of Pages 392 pages
650 #0 - SUBJECT ADDED ENTRY--TOPICAL TERM
Topical Term Cooking.
942 ## - ADDED ENTRY ELEMENTS (KOHA)
Koha item type English Books
Holdings
Withdrawn status Lost status Damaged status Not for loan Home library Current library Shelving location Date acquired Full call number Accession Number Price effective from Koha item type
        Anna Centenary Library Anna Centenary Library 6TH FLOOR, A WING 13.03.2026 641.5972 BAY 458985 13.03.2026 Reference

Find us on the map